[Event "Wch Disabilities 5th"]
[Site "Lublin"]
[Date "2023.08.25"]
[Round "7"]
[White "Augustyniak, Rafal"]
[Black "Racis, Michal"]
[Result "0-1"]
[WhiteElo "1169"]
[BlackElo "1963"]
[PlyCount "82"]
[EventDate "2023.08.19"]
[EventType "swiss"]
[EventRounds "9"]
[EventCountry "POL"]
[SourceTitle "CBM 215 Extra"]
[Source "ChessBase"]
[SourceDate "2023.09.30"]
[SourceVersion "1"]
[SourceVersionDate "2023.09.30"]
[SourceQuality "1"]

1. Nf3 d5 2. g3 Nd7 3. Bg2 e5 4. d3 Ngf6 5. Nbd2 Bc5 6. e4 dxe4 7. dxe4 0-0 8. 0-0 c6 9. Re1 a5 10. a4 Qc7 11. Nc4 Re8 12. Nh4 g6 13. Be3 Bf8 14. Qe2 b6 15. Red1 Ba6 16. b3 Nc5 17. Bg5 Bg7 18. Rd2 Rab8 19. Bxf6 Bxf6 20. Qf3 Bg5 21. Ne3 Qe7 22. Rad1 Rbd8 23. Bf1 Rxd2 24. Rxd2 Bxf1 25. Kxf1 Bxh4 26. gxh4 Qxh4 27. Ng4 Re6 28. Rd8+ Qxd8 29. Nh6+ Kg7 30. Ng4 h5 31. Ne3 Qh4 32. Nc4 Nxe4 33. Nxb6 Nd2+ 34. Ke2 Nxf3 35. c4 Qe4+ 36. Kf1 Nd2+ 37. Kg1 Qg4+ 38. Kh1 Ne4 39. h4 Qxh4+ 40. Kg2 Qxf2+ 41. Kh3 Ng5# 0-1

[Event "Wch Disabilities 5th"]
[Site "Lublin"]
[Date "2023.08.20"]
[Round "2"]
[White "Lyanguzova, Alina"]
[Black "Augustyniak, Rafal"]
[Result "1-0"]
[WhiteElo "1609"]
[BlackElo "1169"]
[PlyCount "135"]
[EventDate "2023.08.19"]
[EventType "swiss"]
[EventRounds "9"]
[EventCountry "POL"]
[SourceTitle "CBM 215 Extra"]
[Source "ChessBase"]
[SourceDate "2023.09.30"]
[SourceVersion "1"]
[SourceVersionDate "2023.09.30"]
[SourceQuality "1"]

1. d4 Nf6 2. c4 g6 3. Nc3 Bg7 4. e4 d6 5. Nf3 0-0 6. Be2 e5 7. dxe5 dxe5 8. 0-0 Nc6 9. Be3 Be6 10. a3 a6 11. b4 b6 12. Qb1 Nd4 13. Rd1 Nxe2+ 14. Nxe2 Qe8 15. Qc2 Nh5 16. c5 Qc6 17. Rac1 Rfd8 18. Nc3 Nf4 19. Ng5 Bc4 20. Rd2 Rxd2 21. Qxd2 b5 22. Bxf4 exf4 23. Qxf4 Rd8 24. h3 a5 25. Nf3 axb4 26. axb4 Rd3 27. Ne5 Bxe5 28. Qxe5 Qd7 29. Ra1 f6 30. Qxf6 Qe8 31. f3 Rd8 32. Qf4 c6 33. Re1 Rd4 34. Rd1 Qd8 35. Rc1 Rd3 36. Qe5 Rd2 37. Qf4 Qd4+ 38. Kh2 Qf2 39. Qg3 Kg7 40. Qxf2 Rxf2 41. Kg3 Rb2 42. Rb1 Rc2 43. Nd1 Ra2 44. Rb2 Kf6 45. Rxa2 Bxa2 46. f4 Bb1 47. Kf3 h5 48. g4 hxg4+ 49. hxg4 g5 50. Nc3 Bc2 51. Ke3 gxf4+ 52. Kxf4 Ke6 53. Ne2 Bd3 54. Nd4+ Kd7 55. g5 Bc4 56. Kf5 Ba2 57. g6 Bg8 58. Kf6 Bc4 59. e5 Bd5 60. e6+ Ke8 61. g7 Kd8 62. g8Q+ Kc7 63. Ke7 Kb7 64. Qd8 Ka7 65. Kd6 Bxe6 66. Nxe6 Kb7 67. Qb6+ Ka8 68. Nc7# 1-0